Catholic University of Zimbabwe Library
Online Public Access Catalogue
(OPAC)

French religious wars, 1562-1598 (Record no. 11437)

MARC details
000 -LEADER
fixed length control field 00462 a2200133 4500
020 ## - INTERNATIONAL STANDARD BOOK NUMBER
International Standard Book Number 1841763950 (pbk.)
005 - DATE AND TIME OF LATEST TRANSACTION
control field 20191017174311.0
084 ## - OTHER CLASSIFICATION NUMBER
Classification number DC111.3 .K57 2002
245 ## - TITLE STATEMENT
Title French religious wars, 1562-1598
Medium print
260 ## - PUBLICATION, DISTRIBUTION, ETC.
Place of publication, distribution, etc. enk
Name of publisher, distributor, etc. Osprey
Date of publication, distribution, etc. 2002
300 ## - PHYSICAL DESCRIPTION
Extent 96 p. : ill. (some col.), col. maps
Other physical details 25 cm.
Dimensions 96 p. : ill. (some col.), col. maps ; 25 cm.
490 ## - SERIES STATEMENT
Series statement Essential histories (Osprey Publishing) ; 47
500 ## - GENERAL NOTE
General note Robert J. Knecht.
700 ## - ADDED ENTRY--PERSONAL NAME
Personal name Knecht, R. J. (Robert Jean)

No items available.

OPENING HOURS

Weekdays: 0815hrs - 1800hrs
Weekends:0900hrs - 1200hrs

Closed for Mass:

Mon, Thur: 1200hrs - 1300hrs
Sunday & Public Holiday’s

CALL SUPPORT

0242-570570, 0242-570169
09200664, +263 8644140602

LOCATION

18443, Cranborne Avenue, Hatfield, Harare

Other Links


©2021 | CUZ Library